header

MATTER:building block of the universe (Record no. 251123)

MARC details
000 -LEADER
fixed length control field 00285nam a22001097a 4500
020 ## - INTERNATIONAL STANDARD BOOK NUMBER
ISBN 0134233697
100 ## - MAIN ENTRY--AUTHOR NAME
Personal name MATO ANTHEA,HOPKINS JEAN,JOHNSON SUSAN, et al
245 ## - TITLE STATEMENT
Title MATTER:building block of the universe
260 ## - PUBLICATION, DISTRIBUTION, ETC. (IMPRINT)
Place of publication USA
Name of publisher PRENTICE HALL
Year of publication 1997
300 ## - PHYSICAL DESCRIPTION
Number of Pages 172
Other physical details ILL
942 ## - ADDED ENTRY ELEMENTS (KOHA)
Koha item type Long Loan Books
Holdings
Withdrawn status Lost status Collection code Home library Current library Shelving location Date acquired Full call number Accession Number Koha item type
    Non-fiction Rongo University Library Rongo University Library General Stacks 09/11/2015 QC173.16 1997 20088769 Long Loan Books
    Non-fiction Rongo University Library Rongo University Library General Stacks 09/11/2015 QC173.16 1997 20088770 Long Loan Books

© 2026 Rongo University
Contact us: librarian | system librarian | Rongo university